000 00504nam a2200169Ia 4500
008 240729s9999 xx 000 0 und d
022 _a2666-7894
245 0 _aCleaner Environmental Systems
260 _aUnited Kingdom
260 _bElsevier
650 _a Environmental effects of industries and plants
650 _a Environmental technology. Sanitary engineering
650 _aTechnology
856 _uhttps://doaj.org/toc/2bdc349781a14aec804b9d4da36a4fb7
942 _2ddc
942 _cDOAJEJ
999 _c70004
_d70004
945 _a1
_bMadushi Gamage
_c1
_dMadushi Gamage